ბათუმის შოთა რუსთაველის სახელმწიფო უნივერსიტეტის ბიბლიოთეკა

სამშობლო (ბიბ.ჩანაწერი № 42137)

000 -LEADER
fixed length control field 00944nam a2200253Ia 4500
001 - CONTROL NUMBER
control field 8829
003 - CONTROL NUMBER IDENTIFIER
control field GE_BSU
008 - FIXED-LENGTH DATA ELEMENTS--GENERAL INFORMATION
fixed length control field 181216s||||||||xx |||||||||||||| ||und||
040 ## - CATALOGING SOURCE
Transcribing agency GE_BSU
080 ## - UNIVERSAL DECIMAL CLASSIFICATION NUMBER
Universal Decimal Classification number 821.353.1-2
100 ## - MAIN ENTRY--PERSONAL NAME
Personal name ერისთავი,დავით
245 ## - TITLE STATEMENT
Title სამშობლო
245 ## - TITLE STATEMENT
Remainder of title დრამა 5მოქმედებად და 7 სურათად
245 ## - TITLE STATEMENT
Statement of responsibility, etc. წინასიტყვ. ავტ. სერგო გერსამია
260 ## - PUBLICATION, DISTRIBUTION, ETC.
Place of publication, distribution, etc. თბილისი
260 ## - PUBLICATION, DISTRIBUTION, ETC.
Name of publisher, distributor, etc. საბჭ.მწერალი
260 ## - PUBLICATION, DISTRIBUTION, ETC.
Date of publication, distribution, etc. 1947
300 ## - PHYSICAL DESCRIPTION
Extent 83გვ,22სმ
300 ## - PHYSICAL DESCRIPTION
Other physical details 1ჩართ.ფურც.პორტრ.
520 ## - SUMMARY, ETC.
Summary, etc. ბიბლიოგრაფია:ლიტ–რა შესავალში
653 ## - INDEX TERM--UNCONTROLLED
Uncontrolled term დრამა 5მოქმედებად და 7 სურათად
653 ## - INDEX TERM--UNCONTROLLED
Uncontrolled term სამშობლო
942 ## - ADDED ENTRY ELEMENTS (KOHA)
Koha item type წიგნი
ეგზემპლარები
Withdrawn status Lost status Damaged status Not for loan Date acquired Barcode Date last seen Price effective from Koha item type
        2018-12-17 31310 2018-12-17 2018-12-17 წიგნი